HARDWARE jednoduchý časovač ZO7-01 : programovateľný časovač ZO7-02 : zavádzací modul ZO : zborník prednášok

Gespeichert in:
Bibliographische Detailangaben
Format: Buch
Sprache:Slowakisch
Veröffentlicht: Žilina Dom techniky ČSVTS 1985
Ausgabe:1. vyd.
Tags: Tag hinzufügen
Keine Tags, Fügen Sie das erste Tag hinzu!

MARC

LEADER 00000nam a2200000 4500
001 c104136
005 20221220081814.2
041 0 |a slo 
044 |a SK 
245 1 0 |a HARDWARE  |b jednoduchý časovač ZO7-01 : programovateľný časovač ZO7-02 : zavádzací modul ZO : zborník prednášok 
250 |a 1. vyd. 
264 1 |a Žilina  |b Dom techniky ČSVTS  |c 1985 
300 |a 43 s.